| 000 | 00819nam a22002057a 4500 | ||
|---|---|---|---|
| 999 |
_c7649 _d7649 |
||
| 003 | AR-CdUCM | ||
| 008 | 190321b ||||| |||| 00| 0 spa d | ||
| 040 |
_aMUNICIPALIDAD PROVINCIAL DEL CUSCO _cBIBLIOTECA MUNICIPAL DEL CUSCO |
||
| 082 |
_a869.15 / _bT72 |
||
| 100 |
_aToro, Carlos _921606 |
||
| 245 | _aEl miedo / | ||
| 260 |
_aMéxico : _bTalleres gráficos núm. 1 de la S. E. P., _c1947. |
||
| 300 |
_a165 páginas ; _c23 cm. |
||
| 505 | _aContenido : El miedo -- Un romántico -- La maestra del piano -- El gato -- El árbol de caracoles -- La muñeca empeñada -- Una amistad -- El licenciado Lopéz -- El sñor cañedo -- La conversión-cuento de navidad -- El ensueño ... | ||
| 650 |
_aLiteratura mexicana _92532 |
||
| 650 |
_aCuentos _9217 |
||
| 650 |
_aSiglo XX _98 |
||
| 942 |
_2ddc _cLIBROS |
||
| 945 | _azta | ||